Chievo Verona Best Scorer By Year - Statistics

General Stats
  • This quiz has been taken 113 times
  • The average score is 3 of 7
Answer Stats
Player % Correct
Sergio Pellissier
91%
Alberto Paloschi
46%
Roberto Inglese
46%
Massimo Marazzina
35%
Cyril Théréau
33%
Mariusz Stępiński
32%
Federico Cossato
29%
No matching quizzes found
Score Distribution
Percent of People with Each Score
Percentile by Number Answered
Your Score History
You have not taken this quiz